000 01409nam a22001457a 4500
008 191203b xxu||||| |||| 00| 0 eng d
020 _a9789872776176
082 _a370.1
_bB244c
100 _aBarcos, Julio Ricardo
_97262
245 _aCómo educa el Estado a tu hijo y otros escritos
260 _aArgentina
_bUNIPE: Editorial Universitaria
_c2013
300 _a280 p.
_c24 x 16 cm.
505 _tAbreviaturas.
_tPresentación: Julio R. Barcos: Derivas de un Pedagogo Intempestivo.
_rNicolás Arata.
_tCómo Educa el Estado a tu hijo.
_tPrólogo. ¡Forja a tu hijo!
_rAlberto Masferrer.
_tDedicatoria
_tCapítulo I. Aspecto político del problema educativo.
_tCapítulo II. Aspecto psicológico de la educación. ¿Cuáles son los derechos del niño?
_tCapítulo III. El Estado es todo... el Pueblo no es nada.
_tCapítulo IV. El Estado contra la libertad de enseñanza.
_tCapítulo V. Sin cultura libre no hay carácter nacional.
_tCapítulo VI. Un sistema criminal de educación.
_tCapítulo VII. La escuela falsea el concepto de los valores personales.
_tCapítulo VIII. La escuela sin amos.
_tCapítulo IX. La educación prostituida por el sentimiento de clase.
_tCapítulo X. Nuestras universidades son escuelas de mandarines.
_tCapítulo XI. Educación y tradición.
_tCapítulo XII. El remedio.
650 _2Educación y estado
_vEducación
_vPolítica
_xEducación - aspectos políticos
_xEnsayos
_zArgentina
_97263
999 _c1881
_d1881